La foire aux garcons. (Record no. 79858)
[ view plain ]
| 000 -LEADER | |
|---|---|
| fixed length control field | 00555cam5a220019300 4500 |
| 001 - CONTROL NUMBER | |
| control field | tmp15529260 |
| 003 - CONTROL NUMBER IDENTIFIER | |
| control field | UPRA |
| 005 - DATE AND TIME OF LATEST TRANSACTION | |
| control field | 20190816084857.0 |
| 008 - FIXED-LENGTH DATA ELEMENTS--GENERAL INFORMATION | |
| fixed length control field | 950906s1952 fr fre u |
| 035 ## - SYSTEM CONTROL NUMBER | |
| System control number | (Sirsi) r124092 |
| 035 ## - SYSTEM CONTROL NUMBER | |
| System control number | (UPRA)tmp15529260 |
| 040 ## - CATALOGING SOURCE | |
| Transcribing agency | UPRA |
| 100 1# - MAIN ENTRY--PERSONAL NAME | |
| Personal name | Heriat, Philippe, 1898-1971. |
| Dates associated with a name | Heriat, Philippe, 1898-1971. |
| Linkage | A44302.1 |
| 245 13 - TITLE STATEMENT | |
| Title | La foire aux garcons. |
| 260 ## - PUBLICATION, DISTRIBUTION, ETC. | |
| Place of publication, distribution, etc. | [Paris] : |
| Name of publisher, distributor, etc. | Gallimard, |
| Date of publication, distribution, etc. | [1952] |
| 440 #0 - SERIES STATEMENT/ADDED ENTRY--TITLE | |
| Title | Livre de poche |
| Linkage | S322.1 |
| 949 ## - LOCAL PROCESSING INFORMATION (OCLC) | |
| a | PQ2615.E66 |
| w | lcc |
| i | -178311 |
| m | MAIN |
| t | BOOK |
| l | ON-SHELF |
No items available.